Improving your memory
| Main Author: | Thomas, David |
|---|---|
| Published: |
London:
Dorling Kindersley,
2003.
|
| Series: |
Essentials managers
|
| Subjects: |
| LEADER | 00466cam a2200157 7i4500 | ||
|---|---|---|---|
| 001 | 0000041781 | ||
| 005 | 20120215090000.0 | ||
| 020 | |a 9781405328371 (pbk.) | ||
| 090 | 0 | 0 | |a BF385 |b .T23 2003 |
| 100 | 1 | |a Thomas, David | |
| 245 | 1 | 0 | |a Improving your memory |c David Thomas. |
| 260 | |a London: |b Dorling Kindersley, |c 2003. | ||
| 300 | |a 72 p.: |b col. ill.; |c 18 cm. | ||
| 490 | 0 | |a Essentials managers | |
| 650 | 0 | 0 | |a Mnemonic |
| 999 | |a 0000007418 |b BOK |c OPEN SHELF |e 1st Floor, Bestari Jaya | ||


